000 01399nam a2200337 a 4500
003 BLK
005 20231109140234.0
008 181211b bu a|||gr|||| 00| 0 bu d
020 _a9786191992522
_q3800083821694
040 _aBLK
041 _aBUL
_cBUL
080 _aАнглийска литература
_b821.111
_x-93-312.9
_z821.111-93-312.9
100 _9348992
_aБас, Гай
_eпърви автор
139 _aБас, Гай
_bБ 12
245 _aКърпена глава
_b[Кн.] 5, Звярът от Кривогреблово
_cГай Бас ; ил. Пит Уилямсън ; прев. от англ. ез. Ирина Борисова Манушева
260 _9209475
_aСофия
_bФют
_c2017
_fМултипринт ЕООД
300 _a223 с.
_bс ил.
_c20 см
380 _aX
500 _aОриг. загл.: Stitch head. The beast of Grubbers Nubbin / Guy Bass Гай Бас: с. 220-221 Пийт Уилямсън: с. 222-223
653 _9200736
_aчудовища
653 _9199837
_aХелоуин
700 _aМанушева, Ирина Борисова
_9368041
700 _91311
_aРаленкова, Албена
_eред.
852 _aЦб 292343
856 _i0.00
_ldisable
942 _cKNG
_n0
_s1
_02
944 _aCR
_c2018-12-11
_k30532
_lМира Стойчева
999 _c327571
_d327571
999 _d327571
999 _d327571
999 _d327571